[Event "FIDE Zonal 2.5 Open 2019"]
[Site "Montevideo"]
[Date "2019.04.14"]
[Round "2.3"]
[White "Jodorcovsky Werjivker, Paulo"]
[Black "Peralta, Fernando"]
[Result "0-1"]
[WhiteElo "2257"]
[BlackElo "2572"]
[Annotator "ChessBase"]
[PlyCount "58"]
[EventDate "2019.04.13"]
[EventType "swiss"]
[EventCountry "URU"]
[SourceTitle "playchess.com"]
[Source "ChessBase"]
[SourceQuality "1"]
[TimeControl "40/5400+30:1800+30"]

1. Nf3 {[%emt 0:00:00]} Nf6 {[%emt 0:00:00]} 2. e3 {[%emt 0:00:00]} d5 {[%emt 0:01:03]} 3. c4 {[%emt 0:02:13]} e6 {[%emt 0:00:28]} 4. Nc3 {[%emt 0:01:25]} c5 {[%emt 0:00:59]} 5. d4 {[%emt 0:00:25]} a6 {[%emt 0:00:08]} 6. a3 {[%emt 0:00:29]} dxc4 {[%emt 0:01:22]} 7. Bxc4 {[%emt 0:01:08]} b5 {[%emt 0:00:11]} 8. Be2 {[%emt 0:01:50]} Bb7 {[%emt 0:00:37]} 9. O-O {[%emt 0:02:57]} Nbd7 {[%emt 0:00:13]} 10. dxc5 {[%emt 0:03:11]} Bxc5 {[%emt 0:01:40]} 11. b4 {[%emt 0:00:22]} Be7 {[%emt 0:00:39]} 12. Bb2 {[%emt 0:00:15]} O-O {[%emt 0:01:09]} 13. Qb3 {[%emt 0:00:56]} Qb8 {[%emt 0:06:41]} 14. Rfd1 {[%emt 0:04:28]} Rc8 {[%emt 0:00:48]} 15. Nd4 {[%emt 0:08:12]} Nf8 {[%emt 0:09:18]} 16. Bf3 {[%emt 0:07:53]} Ng6 {[%emt 0:02:26]} 17. Bxb7 {[%emt 0:15:03]} Qxb7 {[%emt 0:00:17]} 18. Nf3 {[%emt 0:00:06]} Rc4 {[%emt 0:03:57]} 19. Ne2 {[%emt 0:06:05]} Nd5 {[%emt 0:02:42]} 20. Rd2 {[%emt 0:11:35]} Rac8 {[%emt 0:02:08]} 21. Rad1 {[%emt 0:01:02]} h6 {[%emt 0:08:20]} 22. h3 {[%emt 0:01:12]} Bf8 {[%emt 0:02:16]} 23. Qa2 {[%emt 0:08:59]} Nb6 {[%emt 0:06:59]} 24. Qb1 {[%emt 0:03:59]} Qb8 {[%emt 0:09:26]} 25. Ned4 {[%emt 0:01:48]} Ne7 {[%emt 0:05:14]} 26. Nb3 {[%emt 0:01:57]} Ned5 {[%emt 0:01:36]} 27. Ne5 {[%emt 0:06:49]} Rc3 {[%emt 0:05:53]} 28. Nxf7 {[%emt 0:08:54]} Kxf7 {[%emt 0:02:52]} 29. Qh7 {[%emt 0:00:39]} Nf6 {[%emt 0:02:00]} 0-1

[Event "FIDE Zonal 2.5 Open 2019"]
[Site "Montevideo"]
[Date "2019.04.14"]
[Round "2.4"]
[White "Pichot, Alan"]
[Black "Rodriguez, Santiago"]
[Result "1-0"]
[WhiteElo "2566"]
[BlackElo "2257"]
[Annotator "ChessBase"]
[PlyCount "99"]
[EventDate "2019.04.13"]
[EventType "swiss"]
[EventCountry "URU"]
[SourceTitle "playchess.com"]
[Source "ChessBase"]
[SourceQuality "1"]
[TimeControl "40/5400+30:1800+30"]

1. e4 {[%emt 0:00:00]} c5 {[%emt 0:00:00]} 2. Nf3 {[%emt 0:00:08]} g6 {[%emt 0:00:30]} 3. d4 {[%emt 0:00:25]} cxd4 {[%emt 0:00:08]} 4. Nxd4 {[%emt 0:00:05]} Bg7 {[%emt 0:00:34]} 5. c4 {[%emt 0:00:12]} Nc6 {[%emt 0:01:26]} 6. Be3 {[%emt 0:00:20]} Nf6 {[%emt 0:00:59]} 7. Nc3 {[%emt 0:00:05]} O-O {[%emt 0:00:50]} 8. Be2 {[%emt 0:00:11]} d6 {[%emt 0:00:42]} 9. O-O {[%emt 0:00:11]} Bd7 {[%emt 0:00:51]} 10. h3 {[%emt 0:01:26]} Nxd4 {[%emt 0:04:13]} 11. Bxd4 {[%emt 0:00:09]} Bc6 {[%emt 0:00:06]} 12. Qc2 {[%emt 0:00:07]} Qc7 {[%emt 0:13:31]} 13. b4 {[%emt 0:02:52]} b5 {[%emt 0:01:40]} 14. cxb5 {[%emt 0:10:31]} Bxe4 {[%emt 0:00:22]} 15. Qd2 {[%emt 0:05:46]} e5 {[%emt 0:22:16]} 16. Be3 {[%emt 0:00:24]} Bb7 {[%emt 0:02:38]} 17. Rac1 {[%emt 0:03:31]} Qd7 {[%emt 0:06:23]} 18. f4 {[%emt 0:00:32]} Qe6 {[%emt 0:13:04]} 19. Rcd1 {[%emt 0:08:52]} exf4 {[%emt 0:08:12]} 20. Bxf4 {[%emt 0:06:19]} Rac8 {[%emt 0:00:31]} 21. Bf3 {[%emt 0:06:51]} Bxf3 {[%emt 0:07:32]} 22. Rxf3 {[%emt 0:00:09]} Rc4 {[%emt 0:13:17]} 23. Qxd6 {[%emt 0:01:45]} Qxd6 {[%emt 0:01:03]} 24. Rxd6 {[%emt 0:11:55]} Re8 {[%emt 0:00:32]} 25. a3 {[%emt 0:02:10]} Nh5 {[%emt 0:00:23]} 26. Bd2 {[%emt 0:00:40]} Bd4+ {[%emt 0:00:17]} 27. Kf1 {[%emt 0:01:03]} Be5 {[%emt 0:00:10]} 28. Rdd3 {[%emt 0:00:15]} f5 {[%emt 0:00:41]} 29. Nd5 {[%emt 0:01:00]} f4 {[%emt 0:00:20]} 30. Ke2 {[%emt 0:03:28]} g5 {[%emt 0:00:25]} 31. Kd1 {[%emt 0:00:19]} Kf7 {[%emt 0:00:28]} 32. b6 {[%emt 0:02:11]} axb6 {[%emt 0:01:13]} 33. Nxb6 {[%emt 0:00:06]} Rc6 {[%emt 0:00:08]} 34. Nd7 {[%emt 0:00:27]} Nf6 {[%emt 0:00:49]} 35. a4 {[%emt 0:03:45]} Ne4 {[%emt 0:00:25]} 36. Nxe5+ {[%emt 0:01:10]} Rxe5 {[%emt 0:00:05]} 37. Be1 {[%emt 0:00:20]} Rce6 {[%emt 0:00:42]} 38. Rf1 {[%emt 0:02:45]} Kg6 {[%emt 0:00:38]} 39. Kc2 {[%emt 0:01:56]} Nd6 {[%emt 0:00:15]} 40. Bc3 {[%emt 0:05:38]} Re2+ {[%emt 0:00:08]} 41. Rd2 {[%emt 0:30:08]} R2e4 {[%emt 0:01:36]} 42. Kb3 {[%emt 0:00:00]} Re3 {[%emt 0:07:08]} 43. Rf3 {[%emt 0:00:00]} Ne4 {[%emt 0:00:29]} 44. Rc2 {[%emt 0:00:00]} h5 {[%emt 0:08:44]} 45. Rxe3 {[%emt 0:00:00]} fxe3 {[%emt 0:00:07]} 46. Be1 {[%emt 0:00:00]} g4 {[%emt 0:06:22]} 47. hxg4 {[%emt 0:00:00]} hxg4 {[%emt 0:00:02]} 48. b5 {[%emt 0:00:00]} Kf5 {[%emt 0:01:29]} 49. a5 {[%emt 0:00:00]} Re5 {[%emt 0:01:59]} 50. Kb4 {[%emt 0:00:00]} 1-0

[Event "FIDE Zonal 2.5 Open 2019"]
[Site "Montevideo"]
[Date "2019.04.14"]
[Round "2.5"]
[White "Coppola, Claudio"]
[Black "Perez Ponsa, Federico"]
[Result "0-1"]
[WhiteElo "2238"]
[BlackElo "2562"]
[Annotator "TA"]
[PlyCount "76"]
[EventDate "2019.04.13"]
[EventType "swiss"]
[EventCountry "URU"]
[SourceTitle "playchess.com"]
[Source "ChessBase"]
[SourceQuality "1"]

{[%evp 21,76,9,0,0,6,-46,-40,-86,-47,-46,-45,-56,-59,-43,-61,-73,0,-25,-29,-31,-29,-25,-13,-45,-52,-53,-11,-13,0,0,0,0,0,-570,-528,-796,-812,-789,-776,-776,-789,-789,-789,-746,-552,-746,-746,-677,-677,-29987,-677,-680,-676,-1163,-1091,-827,-625]} 1. d4 Nf6 2. c4 g6 3. Nc3 Bg7 4. e4 d6 5. Nf3 O-O 6. Be2 e5 7. Be3 c6 8. O-O exd4 9. Nxd4 Re8 10. f3 d5 11. cxd5 Nxd5 12. Nxd5 {E94: King's Indian: Classical: 6 Be2 e5 7 0-0: Various Black 7th moves} ({Of course not} 12. exd5 Rxe3 13. Nb3 cxd5 $15) 12... cxd5 13. Nc2 (13. Qb3 $11) (13. Bb5 Bd7 14. Qb3 Bxd4 15. Bxd4 Bxb5 16. Qxb5 dxe4 17. Rad1 Nc6 18. Bc3 Qb6+ 19. Qxb6 axb6 {½-½ (42) Melkumyan,H (2624)-Zubov,A (2612) Yerevan 2017}) 13... dxe4 14. fxe4 $146 {Black is slightly better.} ({Predecessor:} 14. Qxd8 Rxd8 15. Rad1 Rxd1 16. Rxd1 Nc6 17. Nb4 Be6 18. Nxc6 bxc6 19. b3 a5 20. fxe4 {½-½ (36) Serra Pages,J (2235)-Vassallo Barroche,M (2430) Barcelona 2015}) 14... Nc6 (14... Qe7 {looks sharper.} 15. Bc4 Be6 16. Bxe6 Qxe6 17. Qd5 Nd7) 15. Qxd8 $1 Nxd8 16. Rad1 Bxb2 17. Bb5 Nc6 18. Bc4 Ne5 ({Black should try} 18... Be6 $17 19. Bxe6 Rxe6) 19. Bd5 Be6 20. Bxb7 Rab8 21. Bd5 a5 22. Bd4 Bxd5 23. exd5 Rec8 24. Ne3 Nc4 25. Nxc4 Rxc4 26. Bxb2 Rxb2 $11 {[%mdl 4096] Endgame KRR-KRR} 27. d6 $2 {[%mdl 8192]} (27. Rf2 $11 Rxf2 28. Kxf2) 27... Rcc2 $19 28. Rfe1 Rxg2+ {[%mdl 64] [#] Double Attack} 29. Kh1 Rxh2+ 30. Kg1 Rbg2+ 31. Kf1 Rxa2 {[%cal Rh2h1]} 32. Kg1 Rag2+ 33. Kf1 Rd2 {[%cal Rh2h1] [#]} 34. Re8+ Kg7 {[%cal Rh2h1]} 35. Ke1 Rxd1+ (35... Ra2 $142 36. Re2 Raxe2+ 37. Kf1 Rd2 38. Rxd2 Rxd2 39. Ke1 Rxd6 40. Ke2 a4 41. Kf3 a3 42. Kf4 a2 43. Ke5 Rd7 44. Ke4 a1=Q 45. Kf4 Qc3 46. Kg4 Rd4+ 47. Kg5 h6#) 36. Kxd1 {Black must now prevent d7.Black is clearly winning.} Rh5 37. Kc2 {Black should prevent d7.} Rd5 38. Rd8 Kf6 {Accuracy: White = 41%, Black = 46%.} 0-1

[Event "FIDE Zonal 2.5 Open 2019"]
[Site "Montevideo"]
[Date "2019.04.14"]
[Round "2.6"]
[White "Henriquez Villagra, Cristobal"]
[Black "Larrea, Manuel"]
[Result "1-0"]
[WhiteElo "2543"]
[BlackElo "2230"]
[Annotator "ChessBase"]
[PlyCount "85"]
[EventDate "2019.04.13"]
[EventType "swiss"]
[EventCountry "URU"]
[SourceTitle "playchess.com"]
[Source "ChessBase"]
[SourceQuality "1"]
[TimeControl "40/5400+30:1800+30"]

1. d4 {[%emt 0:09:12]} Nf6 {[%emt 0:00:00]} 2. c4 {[%emt 0:00:06]} e6 {[%emt 0:02:02]} 3. Nf3 {[%emt 0:00:15]} d5 {[%emt 0:00:10]} 4. e3 {[%emt 0:02:51]} c5 {[%emt 0:00:15]} 5. Nc3 {[%emt 0:00:07]} Nc6 {[%emt 0:00:12]} 6. a3 {[%emt 0:00:16]} cxd4 {[%emt 0:01:15]} 7. exd4 {[%emt 0:00:06]} Be7 {[%emt 0:00:15]} 8. cxd5 {[%emt 0:03:11]} Nxd5 {[%emt 0:00:09]} 9. Bd3 {[%emt 0:00:19]} O-O {[%emt 0:00:11]} 10. O-O {[%emt 0:00:06]} Bf6 {[%emt 0:01:26]} 11. Be4 {[%emt 0:01:10]} Nce7 {[%emt 0:01:27]} 12. Qd3 {[%emt 0:12:43]} g6 {[%emt 0:03:27]} 13. Bh6 {[%emt 0:09:15]} Re8 {[%emt 0:04:03]} 14. Rfe1 {[%emt 0:04:11]} Bd7 {[%emt 0:05:55]} 15. Ne5 {[%emt 0:08:24]} Bc6 {[%emt 0:02:33]} 16. Ng4 {[%emt 0:06:48]} Bh8 {[%emt 0:09:11]} 17. Bg5 {[%emt 0:00:57]} f6 {[%emt 0:16:37]} 18. Nh6+ {[%emt 0:11:55]} Kg7 {[%emt 0:04:02]} 19. Bd2 {[%emt 0:00:25]} Ng8 {[%emt 0:10:16]} 20. Qh3 {[%emt 0:08:50]} Nxh6 {[%emt 0:17:00]} 21. Bxh6+ {[%emt 0:00:07]} Kg8 {[%emt 0:00:06]} 22. Qg3 {[%emt 0:02:02]} f5 {[%emt 0:05:46]} 23. Bxd5 {[%emt 0:00:35]} Bxd5 {[%emt 0:00:06]} 24. Rad1 {[%emt 0:01:03]} Bf6 {[%emt 0:02:20]} 25. Bf4 {[%emt 0:03:31]} a6 {[%emt 0:07:37]} 26. Be5 {[%emt 0:01:51]} Bh4 {[%emt 0:01:17]} 27. Qe3 {[%emt 0:03:37]} Rc8 {[%emt 0:01:13]} 28. h3 {[%emt 0:05:04]} Bg5 {[%emt 0:00:34]} 29. Bf4 {[%emt 0:00:16]} Bf6 {[%emt 0:00:56]} 30. Rd2 {[%emt 0:00:07]} b5 {[%emt 0:01:54]} 31. Kh2 {[%emt 0:01:28]} Bc4 {[%emt 0:01:14]} 32. Be5 {[%emt 0:00:21]} Bg5 {[%emt 0:00:21]} 33. f4 {[%emt 0:00:05]} Bh4 {[%emt 0:00:16]} 34. g3 {[%emt 0:00:55]} Be7 {[%emt 0:00:01]} 35. g4 {[%emt 0:01:04]} Bd5 {[%emt 0:02:11]} 36. Rg1 {[%emt 0:01:35]} b4 {[%emt 0:00:41]} 37. gxf5 {[%emt 0:03:09]} bxc3 {[%emt 0:00:47]} 38. fxg6 {[%emt 0:00:05]} h5 {[%emt 0:00:07]} 39. f5 {[%emt 0:00:33]} Bf6 {[%emt 0:00:22]} 40. Qh6 {[%emt 0:00:26]} Bxe5+ {[%emt 0:01:11]} 41. dxe5 {[%emt 0:30:02]} Qc7 {[%emt 0:30:11]} 42. f6 {[%emt 0:00:00]} Qxe5+ {[%emt 0:00:00]} 43. Rg3 {[%emt 0:00:00]} 1-0

[Event "FIDE Zonal 2.5 Open 2019"]
[Site "Montevideo"]
[Date "2019.04.14"]
[Round "2.7"]
[White "Tristan, Leonardo"]
[Black "Kropff, Ricardo"]
[Result "1-0"]
[WhiteElo "2504"]
[BlackElo "2220"]
[Annotator "RC"]
[PlyCount "89"]
[EventDate "2019.04.13"]
[EventType "swiss"]
[EventCountry "URU"]
[SourceTitle "playchess.com"]
[Source "ChessBase"]
[SourceQuality "1"]
[TimeControl "40/5400+30:1800+30"]

1. d4 {[%emt 0:00:00]} d5 {[%emt 0:08:57]} 2. Bf4 {[%emt 0:00:00]} c5 {[%emt 0:00:19]} 3. e3 {[%emt 0:00:03]} cxd4 {[%emt 0:00:31]} 4. exd4 {[%emt 0:00:07]} Nc6 {[%emt 0:00:04]} 5. c3 {[%emt 0:01:55]} Nf6 {[%emt 0:00:20]} 6. Bd3 {[%emt 0:03:13]} Bg4 {[%emt 0:00:08]} 7. Qb3 {[%emt 0:02:44]} Qc8 {[%emt 0:00:11]} 8. Nd2 {[%emt 0:02:06]} e6 {[%emt 0:00:20]} 9. Ngf3 {[%emt 0:00:46]} Be7 {[%emt 0:00:11]} 10. O-O {[%emt 0:03:44]} Bh5 {[%emt 0:00:26]} 11. a4 {[%emt 0:07:29]} O-O {[%emt 0:00:34]} 12. a5 {[%emt 0:01:27]} Bg6 {[%emt 0:01:24]} 13. a6 {[%emt 0:04:13]} b6 {[%emt 0:01:05]} 14. Bb5 {[%emt 0:00:11]} Ne4 {[%emt 0:03:54]} 15. Nxe4 {[%emt 0:29:16]} Bxe4 {[%emt 0:02:22]} 16. Qa4 {[%emt 0:01:09]} Na5 {[%emt 0:15:00]} 17. Nd2 {[%emt 0:08:48]} g5 {[%emt 0:05:28]} 18. Bg3 {[%emt 0:07:19]} Bg6 {[%emt 0:08:13]} 19. Bd7 {[%emt 0:05:42]} Qxa6 {[%emt 0:06:51]} 20. Nf3 {[%emt 0:09:38]} Qe2 {[%emt 0:07:48]} 21. b4 {[%emt 0:03:54]} Nc4 {[%emt 0:13:16]} 22. Bc6 {[%emt 0:00:06]} Rac8 {[%emt 0:01:47]} 23. Bb7 {[%emt 0:00:11]} Rcd8 {[%emt 0:01:10]} 24. Bc7 {[%emt 0:01:01]} Be4 {[%emt 0:07:20]} 25. Bxd8 {[%emt 0:04:07]} Rxd8 {[%emt 0:02:37]} 26. Qd1 {[%emt 0:01:01]} Bxf3 {[%emt 0:01:10]} 27. gxf3 {[%emt 0:00:05]} Qb2 {[%emt 0:00:48]} 28. Qd3 {[%emt 0:02:50]} a5 {[%emt 0:04:42]} 29. bxa5 {[%emt 0:00:51]} bxa5 {[%emt 0:00:05]} 30. Ba6 {[%emt 0:00:03]} Nd2 {[%emt 0:01:19]} 31. Rfd1 {[%emt 0:00:49]} Nb3 {[%emt 0:00:13]} 32. Rab1 {[%emt 0:00:13]} Qa3 {[%emt 0:03:14]} 33. f4 {[%emt 0:00:05]} gxf4 {[%emt 0:00:28]} 34. Qh3 {[%emt 0:00:41]} a4 {[%emt 0:01:25]} 35. Bd3 {[%emt 0:00:34]} Bf6 {[%emt 0:01:42]} 36. Qh6 {[%emt 0:00:54]} Bg7 {[%emt 0:00:04]} 37. Qxh7+ {[%emt 0:00:04]} Kf8 {[%emt 0:00:03]} 38. Kh1 {[%emt 0:00:17]} Qe7 {[%emt 0:01:08]} 39. Bb5 {[%emt 0:01:02]} Ra8 {[%emt 0:01:32]} 40. Bxa4 {[%emt 0:00:36]} Rxa4 {[%emt 0:00:12]} 41. Rxb3 {[%emt 0:30:17]} Ra8 {[%emt 0:31:11]} 42. Rdb1 {[%emt 0:00:00]} Qf6 {[%emt 0:00:00]} 43. Rb8+ {[%emt 0:00:00]} Rxb8 {[%emt 0:00:00]} 44. Rxb8+ {[%emt 0:00:00]} Ke7 {[%emt 0:00:00]} 45. Qg8 {[%emt 0:00:00]} 1-0

[Event "FIDE Zonal 2.5 Open 2019"]
[Site "Montevideo"]
[Date "2019.04.14"]
[Round "2.8"]
[White "El Ters, Antouan"]
[Black "Krysa, Leandro"]
[Result "0-1"]
[WhiteElo "2181"]
[BlackElo "2498"]
[Annotator "ChessBase"]
[PlyCount "68"]
[EventDate "2019.04.13"]
[EventType "swiss"]
[EventCountry "URU"]
[SourceTitle "playchess.com"]
[Source "ChessBase"]
[SourceQuality "1"]
[TimeControl "40/5400+30:1800+30"]

1. d4 {[%emt 0:00:43]} Nf6 {[%emt 0:00:00]} 2. c4 {[%emt 0:00:02]} g6 {[%emt 0:00:49]} 3. Nc3 {[%emt 0:00:17]} d5 {[%emt 0:00:05]} 4. Nf3 {[%emt 0:01:43]} Bg7 {[%emt 0:00:06]} 5. e3 {[%emt 0:05:33]} O-O {[%emt 0:00:33]} 6. Qb3 {[%emt 0:04:05]} e6 {[%emt 0:01:16]} 7. Be2 {[%emt 0:04:32]} b6 {[%emt 0:00:25]} 8. O-O {[%emt 0:03:50]} Bb7 {[%emt 0:00:06]} 9. Ne5 {[%emt 0:09:34]} Nbd7 {[%emt 0:04:44]} 10. Rd1 {[%emt 0:09:33]} dxc4 {[%emt 0:21:55]} 11. Nxc4 {[%emt 0:03:53]} Qe7 {[%emt 0:03:20]} 12. Bd2 {[%emt 0:03:15]} e5 {[%emt 0:04:05]} 13. Nb5 {[%emt 0:09:26]} exd4 {[%emt 0:02:51]} 14. Nxd4 {[%emt 0:02:08]} c5 {[%emt 0:13:35]} 15. Nf3 {[%emt 0:07:56]} Ne4 {[%emt 0:04:54]} 16. Be1 {[%emt 0:02:06]} Bc6 {[%emt 0:01:32]} 17. Nfd2 {[%emt 0:03:35]} Ng5 {[%emt 0:05:56]} 18. f4 {[%emt 0:04:10]} Ne4 {[%emt 0:02:34]} 19. Nxe4 {[%emt 0:03:53]} Bxe4 {[%emt 0:00:06]} 20. Bc3 {[%emt 0:01:39]} Rad8 {[%emt 0:03:49]} 21. Bxg7 {[%emt 0:03:29]} Kxg7 {[%emt 0:00:07]} 22. Rd6 {[%emt 0:04:44]} Nf6 {[%emt 0:02:21]} 23. Rad1 {[%emt 0:00:39]} Rxd6 {[%emt 0:04:03]} 24. Nxd6 {[%emt 0:00:27]} Bd5 {[%emt 0:01:52]} 25. Rxd5 {[%emt 0:04:06]} Nxd5 {[%emt 0:00:11]} 26. Qxd5 {[%emt 0:00:07]} Qxe3+ {[%emt 0:00:19]} 27. Kf1 {[%emt 0:00:04]} Qxf4+ {[%emt 0:00:49]} 28. Kg1 {[%emt 0:00:22]} Qc1+ {[%emt 0:03:10]} 29. Bd1 {[%emt 0:01:20]} Qxb2 {[%emt 0:00:47]} 30. Ba4 {[%emt 0:00:55]} Qc1+ {[%emt 0:04:14]} 31. Bd1 {[%emt 0:00:07]} Qe3+ {[%emt 0:01:07]} 32. Kf1 {[%emt 0:00:09]} Qe7 {[%emt 0:02:20]} 33. Bb3 {[%emt 0:02:08]} Rd8 {[%emt 0:01:03]} 34. Qxf7+ {[%emt 0:00:38]} Qxf7+ {[%emt 0:00:06]} 0-1

[Event "FIDE Zonal 2.5 Open 2019"]
[Site "Montevideo"]
[Date "2019.04.14"]
[Round "2.9"]
[White "Salinas Herrera, Pablo"]
[Black "Curi, Gabriel"]
[Result "1-0"]
[WhiteElo "2483"]
[BlackElo "2202"]
[Annotator "ChessBase"]
[PlyCount "55"]
[EventDate "2019.04.13"]
[EventType "swiss"]
[EventCountry "URU"]
[SourceTitle "playchess.com"]
[Source "ChessBase"]
[SourceQuality "1"]
[TimeControl "40/5400+30:1800+30"]

1. Nf3 {[%emt 0:08:38]} d5 {[%emt 0:00:17]} 2. b3 {[%emt 0:00:06]} Bg4 {[%emt 0:00:12]} 3. Bb2 {[%emt 0:00:26]} Nd7 {[%emt 0:00:28]} 4. e3 {[%emt 0:00:18]} e6 {[%emt 0:01:47]} 5. h3 {[%emt 0:03:03]} Bxf3 {[%emt 0:04:27]} 6. Qxf3 {[%emt 0:00:06]} Ngf6 {[%emt 0:00:06]} 7. g4 {[%emt 0:05:46]} c6 {[%emt 0:12:03]} 8. h4 {[%emt 0:07:09]} Qc7 {[%emt 0:06:13]} 9. g5 {[%emt 0:02:32]} Ne4 {[%emt 0:00:37]} 10. Nc3 {[%emt 0:14:22]} Ndc5 {[%emt 0:17:31]} 11. Nb1 {[%emt 0:22:56]} Nd7 {[%emt 0:05:58]} 12. a3 {[%emt 0:00:08]} Nd6 {[%emt 0:10:12]} 13. Bh3 {[%emt 0:10:39]} O-O-O {[%emt 0:02:07]} 14. d3 {[%emt 0:00:19]} Re8 {[%emt 0:03:14]} 15. Nd2 {[%emt 0:00:06]} Kb8 {[%emt 0:01:31]} 16. Qg3 {[%emt 0:02:19]} Nf5 {[%emt 0:07:15]} 17. Qxc7+ {[%emt 0:00:28]} Kxc7 {[%emt 0:00:07]} 18. Nf3 {[%emt 0:00:09]} h6 {[%emt 0:03:47]} 19. Ke2 {[%emt 0:01:51]} hxg5 {[%emt 0:09:03]} 20. hxg5 {[%emt 0:00:05]} f6 {[%emt 0:05:04]} 21. gxf6 {[%emt 0:09:14]} Nxf6 {[%emt 0:03:04]} 22. Ne5 {[%emt 0:01:15]} Rh6 {[%emt 0:01:47]} 23. Rag1 {[%emt 0:00:17]} c5 {[%emt 0:02:46]} 24. Nf7 {[%emt 0:00:14]} Rh5 {[%emt 0:00:22]} 25. Rg5 {[%emt 0:04:38]} Rxg5 {[%emt 0:00:16]} 26. Nxg5 {[%emt 0:00:07]} Kd7 {[%emt 0:01:03]} 27. c4 {[%emt 0:03:46]} g6 {[%emt 0:00:42]} 28. Bxf6 1-0

[Event "FIDE Zonal 2.5 Open 2019"]
[Site "Montevideo"]
[Date "2019.04.14"]
[Round "2.10"]
[White "Real De Azua, Ernesto"]
[Black "Donoso Diaz, Sebastian"]
[Result "1-0"]
[WhiteElo "2474"]
[BlackElo "2191"]
[Annotator "TA"]
[PlyCount "83"]
[EventDate "2019.04.13"]
[EventType "swiss"]
[EventCountry "URU"]
[SourceTitle "playchess.com"]
[Source "ChessBase"]
[SourceQuality "1"]

{[%evp 9,83,6,26,10,12,10,13,-51,-59,-58,-23,-54,-10,-76,-29,-38,-27,-35,0,6,22,0,59,64,179,196,231,183,173,75,117,110,124,-13,0,0,5,4,35,13,8,-104,-91,-99,0,0,0,0,0,-21,-22,-29,-30,-30,-31,-88,-109,-109,-109,-114,-115,-122,-126,-107,339,320,937,927,29966,29966,29967,919,12844,6103,29981,29982]} 1. Nf3 d5 2. c4 d4 3. b4 Bg4 4. g3 Bxf3 5. exf3 e5 6. a3 $146 {A09: Réti Opening: 1 Nf3 d5 2 c4} ({Predecessor:} 6. b5 Nd7 7. Bg2 Nc5 8. O-O Bd6 9. f4 exf4 10. Bb2 Qf6 11. d3 Ne7 12. Nd2 Rb8 13. Nf3 Ne6 14. Nd2 Nc5 15. Nf3 Ne6 16. Nd2 {½-½ (16) Efimenko,Z (2637)-Adly,A (2631) Konya 2018}) 6... a5 7. b5 Nd7 8. a4 (8. Bg2 $11) 8... Bb4 9. Bg2 h5 10. h4 Ne7 11. Kf1 (11. O-O $11 {remains equal.}) 11... d3 12. Bb2 $1 O-O 13. f4 exf4 (13... Nb6 $5 {[%cal Re5f4]} 14. fxe5 (14. Bxe5 Nxc4 15. Bc3 Nd5 $15) (14. Bxb7 Rb8 $17) (14. Qxh5 Nxc4 {[%mdl 64] Double Attack} 15. Bxe5 Ng6 $15) 14... Nxc4 $15) 14. Qxh5 fxg3 $1 15. Nc3 {aiming for Ne4.} Nf6 ({Black should try} 15... Qe8 $11) 16. Qg5 $1 $14 {Threatens to win with Ne4!} Nh7 (16... gxf2 $2 17. Ne4 $1 $18 {[%mdl 512]}) (16... Ng6 $1 $14) 17. Qxg3 $18 Nf5 18. Qf4 Qf6 19. Be4 ({Don't blunder} 19. Qxc7 $2 Bd6 $17) (19. Nd1 $18 {has better winning chances.} Qe6 20. Ne3 Nxe3+ 21. dxe3) 19... Nd4 20. Qxf6 ({Much weaker is} 20. Qxc7 $6 Nb3 $11) 20... Nxf6 21. Bxd3 (21. Bxb7 $16 Rab8 22. Bg2) 21... Nb3 {White must now prevent ...Rad8.} 22. Rd1 Rad8 $132 {[%mdl 2048] Black has counterplay} 23. Rh3 Rd7 24. Nb1 Rfd8 25. Bh7+ (25. Bxf6 $11 Rxd3 26. Bxd8 Rxh3 27. Kg2) 25... Kxh7 $17 26. Rxb3 Bxd2 (26... Ne4 $17) 27. Rxd2 Rxd2 28. Nxd2 Rxd2 {[%mdl 4096] Endgame KRB-KRN} 29. Be5 Ra2 30. Bxc7 Rxa4 31. Rc3 Ne4 32. Rc2 {[#]} (32. Rd3 $15) 32... Rxc4 $1 {[%mdl 576] Decoy} 33. Rxc4 Nd2+ {[%mdl 64] Double Attack} 34. Ke2 Nxc4 {KB-KN} 35. Kd3 Na3 $1 36. b6 {[#] And now Bd6 would win.} Kg6 $2 {[%mdl 8192] [#]} (36... a4 $1 $17 {and life is bright.} 37. Bd6 Nb5) 37. Bd6 $1 $18 Kf5 $2 (37... Nb1 38. Kc2 Kh5) 38. Bxa3 Kg4 39. Bf8 g6 40. Be7 (40. Ke4 $142 f5+ 41. Ke5 Kf3 42. Bc5 a4 43. Kd6 a3 44. Kc7 a2 45. Bd4) 40... Kf3 41. Kd4 f5 42. Ke5 {Accuracy: White = 35%, Black = 22%.} 1-0

[Event "FIDE Zonal 2.5 Open 2019"]
[Site "Montevideo"]
[Date "2019.04.14"]
[Round "2.11"]
[White "Dotta, Gian Franco"]
[Black "Roselli Mailhe, Bernardo"]
[Result "0-1"]
[WhiteElo "1959"]
[BlackElo "2454"]
[Annotator "TA"]
[PlyCount "34"]
[EventDate "2019.04.13"]
[EventType "swiss"]
[EventCountry "URU"]
[SourceTitle "playchess.com"]
[Source "ChessBase"]
[SourceQuality "1"]

{[%evp 9,34,25,0,13,31,-19,-13,-21,-14,-13,-16,-17,-10,-13,-10,-9,-10,-20,-18,-7,-20,-348,-355,-547,-558,-29994,-29995]} 1. e4 e6 2. Nf3 d5 3. e5 c5 4. b4 d4 5. bxc5 Bxc5 6. Ba3 {C00: French: Unusual White 2nd moves} (6. Bd3 Nc6 7. Ba3 Qa5 8. Bxc5 Qxc5 9. O-O Nxe5 10. Nxe5 Qxe5 11. Na3 Nf6 12. Nc4 Qc7 13. Re1 Bd7 {0-1 (39) Maier,C (2388)-Rambaldi,F (2555) Porto Mannu 2017}) 6... Qa5 7. Bxc5 Qxc5 8. c3 {The position is equal.} Nc6 9. cxd4 Nxd4 10. Qa4+ {[%mdl 64] [#] Double Attack} Bd7 $1 {[%cal Rd7a4]} 11. Qxd4 Qc1+ 12. Ke2 {Threatens to win with a4.} Bb5+ 13. d3 {Strongly threatening Nbd2.} Rd8 {[%cal Ba8d8,Bd8d3,Bd3e3][%mdl 32]} 14. Nbd2 $146 Qa3 $1 15. Qg4 $2 {[%mdl 8192]} ({Don't go for} 15. Nc4 $2 Bxc4 16. Qxc4 Qb2+ 17. Ke3 Ne7 $19) (15. Qf4 $11 {and White has nothing to worry.} Qb2 16. Rd1 (16. Ng5 Nh6 $15) 16... Bxd3+ 17. Ke1) 15... Qc3 $19 16. Rd1 (16. Qxg7 {leads to mate.} Rxd3 17. Qxg8+ Rxg8 18. Ke1 Qxa1+ {[%mdl 64] Double Attack} 19. Ke2 Rc3+ 20. Nc4 Bxc4+ 21. Kd2 Qc1#) (16. Rb1 {was the only chance.} Bxd3+ {[%mdl 64] Double Attack} 17. Ke1 Bxb1 18. Qxg7) 16... Rxd3 {[%csl Gc3][%cal Rd3e3]} 17. Ke1 {[#]} Re3+ $1 {[%mdl 512]} 0-1